000 00933nam a2200265 i 4500
003 DO-SdBNP
005 20240503073632.0
007 ta
008 230328b1964 xxu||||| |||| 00| 0 eng d
040 _aDO-SdBNP
_bspa
_cBNPHU
_erda
082 4 _a863.3
_bC419don 1964
_222
100 1 _aCervantes Saavedra, Miguel de,
_d1547-1616
_93070
245 1 0 _aDon Quixote of la Mancha /
_cMiguel de Cervantes Saavedra ; introducción y traducción, Walter Starkie
264 _aEstados Unidos :
_bSignet Classic,
_c1964.
300 _a1052 páginas;
_c21 cm.
336 _2rdacontent
_atexto
_btxt
337 _2rdamedia
_asin mediación
_bnc
338 _2rdacarrier
_avolumen
_bnc
590 _aInventariado, 2023/BT
650 4 _aNovela española
_91123
650 4 _aLiteratura española
_9632
700 _aStarkie, Walter,
_eintroducción, traducción
_983216
910 _aBtavárez/Validado. Control de calidad MFF
942 _2ddc
_cLBS1
999 _c53185
_d53185